zpět

Detail výsledku týmu

Bar 12 opic, Prostějov

Datum a čas kvízu

16 Celkem bodů Celkový počet nahraných bodů na tomto kvízu bez doplňovacích otázek.
8. Pořadí na kvízu Konečné umístění týmu na tomto kvízu.

Zaznamenané odpovědi

# Otázka Odpověď Body Výsledky
1. Někteří senátoři chtějí ve Va... lavička s popelníkem 0
2. Na Slovensku byl přetřásán stř... Ministerstvo životního prostředí 0
3. Nejvíce nominací na hudební Ce... Vladimír Mišík 0
4. Aféra s předraženou zakázkou n... hackathon 0
5. Renata Zachová se stala první... judo 0
6. Jelikož se o ostrovech zmiňuje... D) zaťatou pěst se vztyčeným ukazováčkem 0
7. Nyní se podíváme na souostroví... Země Františka Josefa 0
8. Za jistou formu "ostrova" se d... B C 0.5
9. Ostrovačice v okrese Brno-venk... Amerika 1
10. Jak se jmenoval německý patolo... Paul Langerhans 0